| 000 | 00873nam a2200253 i 4500 | ||
|---|---|---|---|
| 001 | 8577 | ||
| 003 | ES-MaACL | ||
| 005 | 20230906145505.0 | ||
| 007 | t| | ||
| 008 | 920715s1991 sp ||||1| spa d | ||
| 020 | _a84-85389-83-2 | ||
| 080 | _a582(46) | ||
| 100 | 1 |
_aRivera Núñez, Diego. _997661 |
|
| 245 | 1 | 3 |
_aLa Guía de Incafo de las plantas útiles y venenosas de la Península Ibérica y Baleares (excluídas medicinales) / _cDiego Rivera Núñez, Concepción Obón de Castro. |
| 250 | _a1ª ed. | ||
| 260 |
_aMadrid : _bIncafo, _c1991. |
||
| 300 |
_a1257 p. : _bil. ; _c20 cm. |
||
| 490 | 1 |
_aLas Guías verdes de Incafo ; _v7 |
|
| 650 | 1 | 4 |
_aPlantas- _zEspaña- _xGuías. _916112 |
| 700 | 1 |
_aObón de Castro, Concepción. _986416 |
|
| 830 | 0 |
_aLas Guías verdes de Incafo ; _v7 _9178190 |
|
| 852 |
_aES-MaACL _jL-15976 _bR.120629 |
||
| 999 |
_c8577 _d8577 |
||